[Event "Winter 2009 Masters Championship"]
[Site "SchemingMind.com"]
[Date "2009.12.14"]
[Round "-"]
[White "talobsessed"]
[Black "Chess_Man01"]
[Result "1/2-1/2"]
[WhiteCountry "SWE"]
[BlackCountry "GBR"]
[WhiteElo "2268"]
[WhiteRD "84"]
[BlackElo "2309"]
[BlackRD "72"]
[GameID "230969"]

1. e4 e6 2. d4 d5 3. exd5 exd5 4. Nf3 Nf6 5. Bd3 Bd6 6. O-O O-O 7. Re1 Bg4 8. Bg5 Nbd7 9. Nbd2 c5 10. dxc5 Nxc5
11. Nf1 Rc8 12. c3 Be7 13. Bc2 Nce4 14. Bxe4 dxe4 15. Qxd8 Bxd8 16. Nd4 Bd7 17. Nd2 h6 18. Bxf6 Bxf6 19. N4b3 Bc6 20. Nxe4 Be5
21. Na5 Bd5 22. Ng3 Rfe8 23. Nf5 b6 24. Nb3 Kf8 25. Nbd4 g6 26. Ne3 Be4 27. Rad1 a6 28. Nf3 Bxf3 29. gxf3 Rcd8= 30. Kg2 Bf4
31. Rd4 Rxd4 32. cxd4 Rd8 33. Rd1 Ke7 34. d5 Rc8 35. Rd4 Bxe3 36. fxe3 Rc2+ 37. Kg3 Rxb2 38. a4 Kd6 39. e4 Rc2 40. Rb4 Kc5=
41. Rb1 b5 42. axb5 axb5 43. Kf4 f6 44. Rg1 b4 45. Rxg6 b3 46. Rg8 b2 47. Rb8 Rxh2 48. Kf5 h5 49. Kxf6 h4 50. Kg5 h3
51. Kg4 Rf2=
1/2-1/2

[Event "Winter 2009 Masters Championship"]
[Site "SchemingMind.com"]
[Date "2009.12.19"]
[Round "-"]
[White "fourluxflakes"]
[Black "dvaldez"]
[Result "0-1"]
[WhiteCountry "ENG"]
[BlackCountry "CAN"]
[WhiteElo "1854"]
[WhiteRD "89"]
[BlackElo "1908"]
[BlackRD "74"]
[GameID "231111"]

1. e4 c5 2. Nf3 Nc6 3. Bb5 e6 4. O-O Nge7 5. Re1 a6 6. Bf1 d5 7. d4 cxd4 8. Nxd4 Nxd4 9. Qxd4 Nc6 10. Qd1 dxe4
11. Qxd8+ Kxd8 12. Rxe4 f5 13. Re1 Bd6 14. Nc3 Kc7 15. Be3 b5 16. a4 b4 17. Ne2 Bb7 18. Nd4 f4 19. Nxe6+ Kd7 20. Nxf4 g5
21. Nd5 Raf8 22. Rad1 Ne5 23. Nxb4 g4 24. Bd4 Nf3+
0-1

[Event "Winter 2009 Masters Championship"]
[Site "SchemingMind.com"]
[Date "2009.12.15"]
[Round "-"]
[White "fourluxflakes"]
[Black "nimzoking"]
[Result "0-1"]
[WhiteCountry "ENG"]
[BlackCountry "ENG"]
[WhiteElo "1951"]
[WhiteRD "93"]
[BlackElo "2159"]
[BlackRD "89"]
[GameID "231112"]

1. e4 c5 2. Nf3 Nc6 3. Bb5 d6 4. O-O Bd7 5. c3 a6 6. Ba4 Nf6 7. Re1 b5 8. Bc2 Bg4 9. d3 g6 10. Nbd2 Bh6
11. Nf1 Bxc1 12. Rxc1 Qa5 13. Ne3 O-O 14. Nxg4 Nxg4 15. d4 Qxa2
0-1

[Event "Winter 2009 Masters Championship"]
[Site "SchemingMind.com"]
[Date "2009.12.14"]
[Round "-"]
[White "fourluxflakes"]
[Black "Chess_Man01"]
[Result "0-1"]
[WhiteCountry "ENG"]
[BlackCountry "GBR"]
[WhiteElo "1931"]
[WhiteRD "94"]
[BlackElo "2335"]
[BlackRD "73"]
[GameID "231113"]

1. e4 c5 2. Nf3 d6 3. Bb5+ Nc6 4. O-O Bd7 5. Re1 Nf6 6. c3 a6 7. Ba4 c4 8. Bc2 Rc8 9. e5 Nxe5 10. Nxe5 dxe5
11. Rxe5 Ng4 12. Re1 Qc7 13. g3 h5 14. d4 cxd3 15. Bxd3 h4 16. Bf4 Qb6 17. Qe2 g5 18. Bxg5 hxg3 19. hxg3 Nxf2 20. Qxf2 Rh1+
21. Kxh1 Qxf2
0-1

[Event "Winter 2009 Masters Championship"]
[Site "SchemingMind.com"]
[Date "2009.12.15"]
[Round "-"]
[White "fourluxflakes"]
[Black "klagefall"]
[Result "0-1"]
[WhiteCountry "ENG"]
[BlackCountry "GER"]
[WhiteElo "1854"]
[WhiteRD "89"]
[BlackElo "2049"]
[BlackRD "75"]
[GameID "231115"]

1. e4 e5 2. Bc4 Nc6 3. Nf3 Bc5 4. c3 Nf6 5. d3 a6 6. O-O Ba7 7. Bb3 O-O 8. Nbd2 d6 9. h3 Be6 10. Bc2 Ne7
11. d4 Ng6 12. d5 Bd7 13. Nc4 h6 14. Be3 Bxe3 15. Nxe3 Nh7 16. Nf5 Ng5 17. Nh2 Nf4 18. h4 Nh7 19. g3 Ng6 20. Ng4 Ne7
21. Kg2 Nxf5 22. exf5 Nf6 23. Ne3 c6 24. c4 cxd5 25. cxd5 Qb6 26. Rb1 Rfc8 27. g4 Qd4 28. Bb3 Bb5 29. Re1 Bd3 30. Rc1 Rxc1
31. Qxc1 Nxg4
0-1

[Event "Winter 2009 Masters Championship"]
[Site "SchemingMind.com"]
[Date "2009.12.14"]
[Round "-"]
[White "fourluxflakes"]
[Black "andu"]
[Result "0-1"]
[WhiteCountry "ENG"]
[BlackCountry "AUT"]
[WhiteElo "1951"]
[WhiteRD "93"]
[BlackElo "2190"]
[BlackRD "56"]
[GameID "231116"]

1. e4 c5 2. Nf3 e6 3. d4 cxd4 4. Nxd4 Nf6 5. Nc3 Nc6 6. Ndb5 Bb4 7. a3 Bxc3+ 8. Nxc3 O-O 9. Bg5 d5 10. exd5 exd5
11. Be2 Bf5 12. O-O d4 13. Nb1 Re8 14. Bd3 Bxd3 15. Qxd3 Ne5 16. Qf5 Qd7 17. Qxd7 Nfxd7 18. Nd2 Rac8 19. Rac1 f6 20. Bf4 Ng6
21. Bg3 Re2 22. Nf3 Rexc2 23. Rxc2 Rxc2 24. Nxd4 Rxb2 25. Bd6 Rd2 26. Nf5 Nde5 27. Bb4 Rd7 28. h3 Nf4 29. Rb1 g6 30. Ne3 Kf7
31. Bc3 Ne2+
0-1

[Event "Winter 2009 Masters Championship"]
[Site "SchemingMind.com"]
[Date "2009.12.15"]
[Round "-"]
[White "fourluxflakes"]
[Black "talobsessed"]
[Result "0-1"]
[WhiteCountry "ENG"]
[BlackCountry "SWE"]
[WhiteElo "1951"]
[WhiteRD "93"]
[BlackElo "2232"]
[BlackRD "97"]
[GameID "231117"]

1. e4 e5 2. Bc4 Nf6 3. d3 c6 4. Nf3 d5 5. Bb3 a5 6. a3 Bd6 7. Nc3 d4 8. Ne2 O-O 9. O-O Na6 10. Ng3 Nc5
11. Ba2 b6 12. Bg5 h6 13. Bd2 a4 14. h3 Ra7 15. Nf5 Bxf5 16. exf5 Re8 17. g4 e4 18. dxe4 Ncxe4
0-1

[Event "Winter 2009 Masters Championship"]
[Site "SchemingMind.com"]
[Date "2009.12.19"]
[Round "-"]
[White "dvaldez"]
[Black "fourluxflakes"]
[Result "1-0"]
[WhiteCountry "CAN"]
[BlackCountry "ENG"]
[WhiteElo "1908"]
[WhiteRD "74"]
[BlackElo "1854"]
[BlackRD "89"]
[GameID "231118"]

1. d4 d5 2. c4 c6 3. Nf3 Nf6 4. Nc3 Bg4 5. e3 Nbd7 6. Be2 e6 7. O-O Be7 8. Bd2 O-O 9. Rc1 dxc4 10. Bxc4 Nd5
11. e4 Nxc3 12. bxc3 Nf6 13. Re1 Rc8 14. h3 Bh5 15. Bf4 Qa5 16. Qe2 Bg6 17. Ng5 h6 18. Nxe6 fxe6 19. Bxe6+ Kh8 20. Bxc8 Rxc8
21. e5 Nd5 22. Qg4 Nxf4 23. Qxc8+ Kh7 24. Qxb7
1-0

[Event "Winter 2009 Masters Championship"]
[Site "SchemingMind.com"]
[Date "2009.12.16"]
[Round "-"]
[White "nimzoking"]
[Black "fourluxflakes"]
[Result "1-0"]
[WhiteCountry "ENG"]
[BlackCountry "ENG"]
[WhiteElo "2162"]
[WhiteRD "84"]
[BlackElo "1931"]
[BlackRD "94"]
[GameID "231119"]

1. e4 c5 2. d3 g6 3. Be3 Bg7 4. c3 d6 5. g3 Nc6 6. Bg2 Nf6 7. h3 O-O 8. Ne2 Rb8 9. O-O e5 10. Nd2 Nh5
11. g4 Nf6 12. f4 exf4 13. Nxf4 Ne5 14. d4 cxd4 15. cxd4 Nexg4 16. hxg4 Nxg4 17. Qb3 h5 18. Rae1 Bh6 19. Nd5 Nxe3 20. Nxe3 h4
21. Rf3 Qa5 22. Re2 Qh5 23. Ref2 Be6 24. d5 Bd7 25. Nec4 g5 26. Nxd6 g4 27. Rxf7 Rxf7 28. Rxf7 h3 29. Bf1 Bxd2 30. Rxd7 Rf8
31. Nf5
1-0

[Event "Winter 2009 Masters Championship"]
[Site "SchemingMind.com"]
[Date "2009.12.14"]
[Round "-"]
[White "Chess_Man01"]
[Black "fourluxflakes"]
[Result "1-0"]
[WhiteCountry "GBR"]
[BlackCountry "ENG"]
[WhiteElo "2327"]
[WhiteRD "70"]
[BlackElo "2015"]
[BlackRD "102"]
[GameID "231120"]

1. e4 c5 2. Nf3 Nc6 3. d4 cxd4 4. Nxd4 Nf6 5. Nc3 e5 6. Ndb5 d6 7. Bg5 h6 8. Bxf6 gxf6 9. Nd5 Qa5+ 10. c3 Be6
11. Ndc7+
1-0

[Event "Winter 2009 Masters Championship"]
[Site "SchemingMind.com"]
[Date "2009.12.15"]
[Round "-"]
[White "klagefall"]
[Black "fourluxflakes"]
[Result "0-1"]
[WhiteCountry "GER"]
[BlackCountry "ENG"]
[WhiteElo "2050"]
[WhiteRD "70"]
[BlackElo "2015"]
[BlackRD "102"]
[GameID "231122"]

1. d4 d5 2. c4 c6 3. Nf3 Nf6 4. e3 Bg4 5. Qb3 Qb6 6. Nc3 Bxf3 7. gxf3 e6 8. c5 Qc7 9. f4 Nbd7 10. Bd2 Be7
11. Bd3 b6 12. cxb6 axb6 13. O-O O-O 14. Rac1 Qb7 15. Ne2 Rfb8 16. Bc3 c5 17. Bb1 g6 18. Qd1 c4 19. a3 b5 20. Ng3 Nb6
21. Bc2 Na4 22. Bxa4 Rxa4
0-1

[Event "Winter 2009 Masters Championship"]
[Site "SchemingMind.com"]
[Date "2009.12.14"]
[Round "-"]
[White "andu"]
[Black "fourluxflakes"]
[Result "1-0"]
[WhiteCountry "AUT"]
[BlackCountry "ENG"]
[WhiteElo "2190"]
[WhiteRD "56"]
[BlackElo "1951"]
[BlackRD "93"]
[GameID "231123"]

1. e4 c5 2. Nf3 Nc6 3. d4 cxd4 4. Nxd4 Nf6 5. Nc3 e5 6. Ndb5 d6 7. Bg5 a6 8. Bxf6 gxf6 9. Na3 b5 10. Nd5 f5
11. Bd3 Be6 12. c3 Bg7 13. Qh5 O-O 14. O-O f4 15. Nc2 Kh8 16. a4 bxa4 17. Rxa4 a5 18. Rfa1 Rg8 19. Bb5 Ne7 20. Ncb4 Nxd5
21. exd5 Bd7 22. Bd3 f5 23. Bxf5 Bxf5 24. Qxf5 Qh4 25. Rxa5 Rxa5 26. Rxa5 e4 27. Qxe4 Be5 28. Nd3
1-0

[Event "Winter 2009 Masters Championship"]
[Site "SchemingMind.com"]
[Date "2009.12.15"]
[Round "-"]
[White "talobsessed"]
[Black "fourluxflakes"]
[Result "1-0"]
[WhiteCountry "SWE"]
[BlackCountry "ENG"]
[WhiteElo "2232"]
[WhiteRD "97"]
[BlackElo "1951"]
[BlackRD "93"]
[GameID "231124"]

1. e4 Nf6 2. e5 Nd5 3. d4 d6 4. Nf3 Bg4 5. Be2 c6 6. O-O Bxf3 7. Bxf3 dxe5 8. dxe5 e6 9. c4 Ne7 10. Qxd8+ Kxd8
11. Rd1+ Nd7 12. Be4 Kc7 13. Nc3 Ng6 14. f4 Bb4 15. Ne2 Rad8 16. Be3 Bc5 17. Rxd7+
1-0

[Event "Winter 2009 Masters Championship"]
[Site "SchemingMind.com"]
[Date "2009.12.20"]
[Round "-"]
[White "Konan_Kaddosh"]
[Black "dvaldez"]
[Result "1-0"]
[WhiteCountry "ITA"]
[BlackCountry "CAN"]
[WhiteElo "2606"]
[WhiteRD "75"]
[BlackElo "1909"]
[BlackRD "75"]
[GameID "231221"]

1. e4 c5 2. Nf3 Nc6 3. d4 cxd4 4. Nxd4 Nf6 5. Nc3 d6 6. Bg5 e6 7. Qd2 a6 8. O-O-O Bd7 9. f3 Be7 10. h4 h6
11. Be3 h5 12. Kb1 Qc7 13. Nxc6 Bxc6 14. Bd3 O-O-O 15. Qf2 Nd7 16. Rd2 Kb8 17. Rhd1 Nc5 18. Bc4 b5 19. Bf1 Rd7 20. e5 Nb7
21. a4 Qa5 22. Bb6 Qb4 23. Rd4
1-0

[Event "Winter 2009 Masters Championship"]
[Site "SchemingMind.com"]
[Date "2009.12.15"]
[Round "-"]
[White "Konan_Kaddosh"]
[Black "fourluxflakes"]
[Result "1-0"]
[WhiteCountry "ITA"]
[BlackCountry "ENG"]
[WhiteElo "2606"]
[WhiteRD "75"]
[BlackElo "1951"]
[BlackRD "93"]
[GameID "231222"]

1. e4 c5 2. Nf3 Nc6 3. d4 cxd4 4. Nxd4 Nf6 5. Nc3 e5 6. Ndb5 d6 7. Bg5 a6 8. Na3 b5 9. Nd5 Be7 10. Bxf6 Bxf6
11. c3 O-O 12. Nc2 Bg5 13. a4 bxa4 14. Rxa4 a5 15. Bc4 Rb8 16. b3 Kh8 17. O-O f5 18. exf5 Bxf5 19. Nce3 Bg6 20. Qe2 e4
21. Nc2 Ne5 22. Nd4 Nxc4 23. Ne6 Qd7 24. Nxf8 Rxf8 25. Qxc4 Rc8 26. Nb6 Rxc4 27. Nxd7 Rxc3 28. Rxa5 h6 29. Ra8+ Kh7 30. Nf8+
1-0

[Event "Winter 2009 Masters Championship"]
[Site "SchemingMind.com"]
[Date "2009.12.15"]
[Round "-"]
[White "Konan_Kaddosh"]
[Black "nimzoking"]
[Result "1/2-1/2"]
[WhiteCountry "ITA"]
[BlackCountry "ENG"]
[WhiteElo "2606"]
[WhiteRD "75"]
[BlackElo "2159"]
[BlackRD "89"]
[GameID "231223"]

1. e4 c5 2. Nf3 Nc6 3. d4 cxd4 4. Nxd4 g6 5. Nc3 Bg7 6. Be3 Nf6 7. Bc4 O-O 8. Bb3 a5 9. O-O Nxd4 10. Bxd4 d6
11. Re1 Bd7 12. Nd5 Nxd5 13. Bxg7 Kxg7 14. exd5 Kg8 15. a4 Rc8 16. Qd4 Re8 17. Re3 e5 18. dxe6 Bxe6 19. Rae1 Qd7 20. Bxe6 Rxe6
21. Rxe6 fxe6 22. c3 d5 23. h4 Rc4 24. Qf6 Qf7 25. Rxe6 Qxf6 26. Rxf6 Rxa4 27. Rd6 Ra1+ 28. Kh2 Rb1 29. Rd8+ Kg7 30. Rd7+ Kf6
31. Rxb7 a4 32. Rb4 Ra1 33. Kg3 a3 34. Kf4 h6 35. Rb6+ Kf7 36. bxa3 Rxa3 37. Rc6 Ra2 38. Ke3 h5 39. g3 Rc2 40. f3 Rc1
41. Kf4 Rf1 42. Rc7+ Kf6 43. Rc5=
1/2-1/2

[Event "Winter 2009 Masters Championship"]
[Site "SchemingMind.com"]
[Date "2009.12.16"]
[Round "-"]
[White "Konan_Kaddosh"]
[Black "Chess_Man01"]
[Result "1-0"]
[WhiteCountry "ITA"]
[BlackCountry "GBR"]
[WhiteElo "2632"]
[WhiteRD "73"]
[BlackElo "2335"]
[BlackRD "73"]
[GameID "231224"]

1. e4 c6 2. d4 d5 3. e5 Bf5 4. Nf3 e6 5. Be2 c5 6. O-O Nc6 7. c3 cxd4 8. cxd4 Nge7 9. a3 Nc8 10. Bg5 Be7
11. Bxe7 N8xe7 12. b4 Rc8 13. Nbd2 Qb6 14. Qa4 Ng6 15. g3 O-O= 16. b5 Nce7 17. Qb4 Bg4 18. Rac1 Nf5 19. Bd3 f6 20. exf6 gxf6
21. Kg2 Nfe7 22. Rfe1 Rxc1 23. Rxc1 e5 24. Bxg6 Nxg6 25. dxe5 Bxf3+ 26. Nxf3 fxe5 27. Qc5 Qd8 28. Rd1 e4 29. Ng1 Rf5 30. Qxa7 Qc7
31. a4 Qc2 32. Rf1 Rf7 33. Qd4 Ne7 34. Qb6 Kg7 35. Nh3 Qc8= 36. Qd6 Qf5 37. Nf4 Ng6 38. Ne6+ Kh6 39. Nd4 Qg5 40. h4 Qe5
41. Qxe5 Nxe5 42. a5 Nd3 43. f3 exf3+ 44. Nxf3 Nc5 45. a6 bxa6 46. Rc1
1-0

[Event "Winter 2009 Masters Championship"]
[Site "SchemingMind.com"]
[Date "2009.12.15"]
[Round "-"]
[White "Konan_Kaddosh"]
[Black "klagefall"]
[Result "1-0"]
[WhiteCountry "ITA"]
[BlackCountry "GER"]
[WhiteElo "2609"]
[WhiteRD "76"]
[BlackElo "2050"]
[BlackRD "70"]
[GameID "231226"]

1. e4 e5 2. Nf3 Nc6 3. Bb5 a6 4. Ba4 Nf6 5. O-O Be7 6. Re1 b5 7. Bb3 d6 8. c3 O-O 9. h3 Na5 10. Bc2 c5
11. d4 Qc7 12. Nbd2 Nc6 13. d5 Nd8 14. a4 Rb8 15. axb5 axb5 16. b4 Bd7 17. bxc5 Qxc5 18. Re3 Qc7 19. Ba3 Nb7 20. Nxe5
1-0

[Event "Winter 2009 Masters Championship"]
[Site "SchemingMind.com"]
[Date "2009.12.15"]
[Round "-"]
[White "Konan_Kaddosh"]
[Black "andu"]
[Result "1-0"]
[WhiteCountry "ITA"]
[BlackCountry "AUT"]
[WhiteElo "2609"]
[WhiteRD "76"]
[BlackElo "2184"]
[BlackRD "55"]
[GameID "231227"]

1. e4 c5 2. Nf3 e6 3. d4 cxd4 4. Nxd4 Nf6 5. Nc3 Nc6 6. Ndb5 Bb4 7. a3 Bxc3+ 8. Nxc3 d5 9. exd5 exd5 10. Bd3 Qe7+
11. Qe2 Qxe2+ 12. Nxe2 O-O 13. Bf4 Re8 14. O-O-O Ng4 15. Rhf1 Nge5 16. Bxe5 Rxe5 17. Nf4 Bd7 18. Rfe1 Rae8 19. Rxe5 Rxe5 20. Nxd5 Rxd5
21. Bxh7+ Kxh7 22. Rxd5 Be6 23. Rc5 f5 24. b4 Kg6 25. Kd2 Kf6 26. b5 Ne5 27. Kc3 Nf7 28. Rc7 Bd5 29. f3 Ke5 30. Kb4 Kd6
31. Rc8 Ne5 32. Rd8+ Nd7 33. c4 Be6 34. c5+ Kd5 35. Rc8 Ne5 36. Rc7 Nd3+ 37. Kc3 Nxc5 38. Rxg7 Bd7 39. h4 Be8 40. g4 fxg4
41. fxg4 Bxb5 42. h5
1-0

[Event "Winter 2009 Masters Championship"]
[Site "SchemingMind.com"]
[Date "2009.12.15"]
[Round "-"]
[White "Konan_Kaddosh"]
[Black "talobsessed"]
[Result "1-0"]
[WhiteCountry "ITA"]
[BlackCountry "SWE"]
[WhiteElo "2632"]
[WhiteRD "73"]
[BlackElo "2240"]
[BlackRD "89"]
[GameID "231228"]

1. e4 e5 2. Nf3 Nc6 3. Bb5 a6 4. Ba4 Nf6 5. O-O d6 6. Re1 b5 7. Bb3 Bg4 8. c3 Na5 9. Bc2 c5 10. h3 Bh5
11. d3 Be7 12. Nbd2 O-O 13. Nf1 Bg6 14. Ne3 Rc8 15. a4 b4 16. cxb4 cxb4 17. Bd2 Rb8 18. Rc1 Re8 19. Bb3 Bh5 20. g4 Bg6
21. Bd5 Qd7 22. Nc4 Nxd5 23. Nxa5 Nf6 24. Nc6 Rb7 25. Nh4 b3 26. Rc3 Bf8 27. Na5 Rbb8 28. Nxg6 fxg6 29. g5 Nh5 30. Nc6 Rb7
31. Qg4 Qxg4+ 32. hxg4 Nf4 33. Bxf4 exf4 34. Kg2 h6 35. gxh6 gxh6 36. Kf3 g5 37. Rec1 Bg7 38. d4 Kh7 39. Rc4 Kg6 40. Na5 Rd7
41. Rb4 h5 42. gxh5+ Kxh5 43. Rh1+ Kg6 44. Nxb3 Rc8 45. Rb6 Rc2 46. Rxa6 Rxb2 47. Nc5 Rxf2+ 48. Kxf2 Bxd4+ 49. Kf3 Bxc5 50. Ra8 Bd4
51. Rg8+ Bg7 52. Rd1 Kf7 53. Ra8 Bf6 54. a5 Rc7 55. a6 Rc3+ 56. Kg4 Ra3 57. a7 Be7 58. Rh1 Ke6 59. Rh6+ Ke5 60. Rh3 Ra1
61. Rh7 Kf6 62. Rxe7 Rg1+ 63. Kf3 Rg3+ 64. Kf2 Kxe7 65. Rb8
1-0

[Event "Winter 2009 Masters Championship"]
[Site "SchemingMind.com"]
[Date "2009.12.20"]
[Round "-"]
[White "dvaldez"]
[Black "Konan_Kaddosh"]
[Result "0-1"]
[WhiteCountry "CAN"]
[BlackCountry "ITA"]
[WhiteElo "1909"]
[WhiteRD "75"]
[BlackElo "2606"]
[BlackRD "75"]
[GameID "231229"]

1. d4 Nf6 2. c4 e6 3. Nf3 b6 4. g3 Ba6 5. b3 Bb4+ 6. Bd2 Be7 7. Bg2 c6 8. O-O d5 9. Bc3 Nbd7 10. Nbd2 O-O
11. Re1 c5 12. e4 dxe4 13. Nxe4 Bb7 14. Nfg5 cxd4 15. Bxd4 Nxe4 16. Nxe4 Qc7 17. Qg4 e5 18. Nd2 Bxg2 19. Kxg2 f5 20. Qe2 Bb4
21. Bb2 Nc5 22. Red1 e4 23. Qe3 Rad8 24. Qf4 Qxf4 25. gxf4 Bxd2
0-1

[Event "Winter 2009 Masters Championship"]
[Site "SchemingMind.com"]
[Date "2009.12.16"]
[Round "-"]
[White "fourluxflakes"]
[Black "Konan_Kaddosh"]
[Result "0-1"]
[WhiteCountry "ENG"]
[BlackCountry "ITA"]
[WhiteElo "1951"]
[WhiteRD "93"]
[BlackElo "2606"]
[BlackRD "75"]
[GameID "231230"]

1. e4 c5 2. Nf3 d6 3. d4 cxd4 4. Nxd4 Nf6 5. Nc3 a6 6. f3 e5 7. Nb3 Be6 8. Be3 Be7 9. Qd2 O-O 10. O-O-O Nbd7
11. Kb1 b5 12. g4 b4 13. Ne2 a5 14. g5 Ne8 15. Ng3 Nc7 16. f4 Bg4 17. Be2 Bxe2 18. Qxe2 a4 19. Nd2 a3 20. b3 exf4
21. Bxf4 Ne6 22. Bxd6 Bxd6 23. Nf5 Bc5 24. Nc4 Qc7 25. h4 Ne5 26. Nce3 Nf4 27. Qe1 Nf3 28. Qg3 Bxe3 29. Qxf3 Qc3
0-1

[Event "Winter 2009 Masters Championship"]
[Site "SchemingMind.com"]
[Date "2009.12.16"]
[Round "-"]
[White "nimzoking"]
[Black "Konan_Kaddosh"]
[Result "0-1"]
[WhiteCountry "ENG"]
[BlackCountry "ITA"]
[WhiteElo "2159"]
[WhiteRD "89"]
[BlackElo "2606"]
[BlackRD "75"]
[GameID "231231"]

1. e4 c5 2. d3 Nc6 3. g3 Nf6 4. Bg2 g6 5. Be3 d5 6. exd5 Nxd5 7. Nc3 Nxe3 8. fxe3 Bh6 9. e4 O-O 10. Nf3 Qb6
11. Rb1 Bg4 12. O-O c4+ 13. Kh1 e6 14. dxc4 Rad8 15. Qe1 Bxf3 16. Bxf3 Ne5 17. b3 Rd2 18. Rd1 Rxc2 19. Na4 Qe3 20. Qxe3 Bxe3
21. Rde1 Bd2 22. Ra1 Bg5 23. Rad1 Rc8 24. Bg2 b5 25. cxb5 Ng4 26. Rd7 Rxa2 27. h4 Be3
0-1

[Event "Winter 2009 Masters Championship"]
[Site "SchemingMind.com"]
[Date "2009.12.16"]
[Round "-"]
[White "Chess_Man01"]
[Black "Konan_Kaddosh"]
[Result "0-1"]
[WhiteCountry "GBR"]
[BlackCountry "ITA"]
[WhiteElo "2335"]
[WhiteRD "73"]
[BlackElo "2632"]
[BlackRD "73"]
[GameID "231232"]

1. e4 c5 2. b4 cxb4 3. a3 e6 4. axb4 Bxb4 5. c3 Be7 6. d4 Nf6 7. e5 Nd5 8. Qg4 g6 9. Nf3 d6 10. Be2 dxe5
11. Nxe5 Nd7 12. O-O Nxe5 13. dxe5 Qc7 14. Qg3 O-O 15. c4 Nb4 16. Nc3 Nc6 17. Bf4 Nd4 18. Bd3 Bd7 19. Rad1 Bc6 20. Be3 Rfd8
21. Bxg6= hxg6 22. Rxd4 Rxd4 23. Bxd4 a5 24. Rb1 a4 25. Bb6 Qc8 26. h4 a3 27. h5 Qf8 28. Be3 Qg7 29. h6 Qf8 30. Ra1 Kh7
31. Nb5 Ra4 32. Nd4 Rxc4 33. Nxc6 Rxc6 34. Qf3 Rc7 35. Bc1 b5 36. Bxa3 Ra7 37. Bb2 Rxa1+ 38. Bxa1 Kxh6 39. Qd3 b4 40. Qd7 Qd8
41. Qxd8 Bxd8 42. Kf1 Kg5 43. Ke2 Kf4 44. g3+ Ke4 45. f3+ Kd5 46. Kd3 Bc7 47. f4 Bb6
0-1

[Event "Winter 2009 Masters Championship"]
[Site "SchemingMind.com"]
[Date "2009.12.16"]
[Round "-"]
[White "klagefall"]
[Black "Konan_Kaddosh"]
[Result "1/2-1/2"]
[WhiteCountry "GER"]
[BlackCountry "ITA"]
[WhiteElo "2042"]
[WhiteRD "73"]
[BlackElo "2632"]
[BlackRD "73"]
[GameID "231234"]

1. d4 Nf6 2. c4 e6 3. Nf3 b6 4. a3 Bb7 5. Nc3 d5 6. cxd5 Nxd5 7. Qc2 Nxc3 8. Qxc3 Nd7 9. Bg5 Qc8 10. Rc1 Bd6
11. e3 O-O 12. Be2 Bd5 13. Bf4 Bxf4 14. exf4 c5 15. O-O Qb7 16. dxc5 Rac8 17. Qe3 Nxc5 18. Rfd1 Rfd8 19. g3 Na4 20. b3 Nc5
21. Nd4 g6 22. f3 a6 23. b4 Na4 24. Rxc8 Rxc8 25. Rc1 b5 26. Rxc8+ Qxc8 27. Kf2 Qd8 28. Bd3 Nb6 29. h4 h5 30. Be2 Qc7
31. Qe5 Qc3 32. Qb8+ Nc8 33. Qe5 Qb2 34. g4 hxg4 35. h5 Nd6 36. h6 Ne8 37. fxg4 Qxa3 38. Qb8 Kf8 39. Qe5 Qh3 40. g5 Qh2+
41. Ke3 Qg1+=
1/2-1/2

[Event "Winter 2009 Masters Championship"]
[Site "SchemingMind.com"]
[Date "2009.12.16"]
[Round "-"]
[White "andu"]
[Black "Konan_Kaddosh"]
[Result "0-1"]
[WhiteCountry "AUT"]
[BlackCountry "ITA"]
[WhiteElo "2184"]
[WhiteRD "55"]
[BlackElo "2609"]
[BlackRD "76"]
[GameID "231235"]

1. e4 c5 2. Nf3 Nc6 3. Nc3 d6 4. d4 cxd4 5. Nxd4 Nf6 6. Bg5 e6 7. Qd2 a6 8. O-O-O Bd7 9. f3 Be7 10. h4 Rc8
11. Nb3 b5 12. Bxf6 gxf6 13. a3 Qb6 14. Kb1 Rb8 15. Qh6 b4 16. axb4 Nxb4 17. Bc4 a5 18. g4 a4 19. Nd4 Qc5 20. Ba2 Bf8
21. Qd2 h5 22. g5 fxg5 23. hxg5 Bg7 24. e5 Bxe5 25. Rh4 Qb6 26. Bc4 Nd5 27. b3 axb3 28. cxb3 Qc5 29. Qc1 Qxc4 30. Nxe6 Qxb3+
0-1

[Event "Winter 2009 Masters Championship"]
[Site "SchemingMind.com"]
[Date "2009.12.16"]
[Round "-"]
[White "talobsessed"]
[Black "Konan_Kaddosh"]
[Result "0-1"]
[WhiteCountry "SWE"]
[BlackCountry "ITA"]
[WhiteElo "2232"]
[WhiteRD "97"]
[BlackElo "2606"]
[BlackRD "75"]
[GameID "231236"]

1. e4 c5 2. Nf3 Nc6 3. d4 cxd4 4. Nxd4 Nf6 5. Nc3 d6 6. Bg5 e6 7. Qd2 Be7 8. Bxf6 Bxf6 9. Ndb5 O-O 10. Nxd6 Nd4
11. Nc4 b5 12. Ne3 b4 13. Ncd1 Qc7 14. Bd3 Rd8 15. Qxb4 Rb8 16. Qa4 Nc6 17. Ng4 Bg5 18. Qc4 f5 19. Nge3 f4 20. Nf1 Rd4
21. Qc3 Bf6 22. Rc1 Rxe4+ 23. Bxe4 Bxc3+ 24. bxc3 Ba6 25. Nd2 Rd8 26. Rb1 Qe5 27. f3 Ne7 28. Nb3 Nf5
0-1

[Event "Winter 2009 Masters Championship"]
[Site "SchemingMind.com"]
[Date "2009.12.15"]
[Round "-"]
[White "pcmvr"]
[Black "fourluxflakes"]
[Result "1-0"]
[WhiteCountry "NED"]
[BlackCountry "ENG"]
[WhiteElo "2326"]
[WhiteRD "87"]
[BlackElo "1854"]
[BlackRD "89"]
[GameID "231248"]

1. b4 e5 2. Bb2 Bxb4 3. f4 d6 4. fxe5 dxe5 5. Bxe5 Nf6 6. Bc3 Nc6 7. Nf3 O-O 8. e3 Bf5 9. Bb5 Nd5 10. Bxc6 bxc6
11. Bxb4 Nxb4 12. Na3 Qe7 13. O-O Be6 14. Nd4 Bd5 15. Qg4 Qe4 16. Qxe4 Bxe4 17. d3 Bg6 18. Rf2 Rad8 19. Nc4 Rfe8 20. a3 c5
21. axb4 cxd4 22. exd4 Ra8 23. Ne5 Re6 24. c4 f6 25. Nxg6 hxg6 26. Rfa2 Re3 27. Rxa7 Rxa7 28. Rxa7 Rxd3 29. d5 g5 30. Rxc7
1-0

[Event "Winter 2009 Masters Championship"]
[Site "SchemingMind.com"]
[Date "2009.12.16"]
[Round "-"]
[White "pcmvr"]
[Black "Konan_Kaddosh"]
[Result "0-1"]
[WhiteCountry "NED"]
[BlackCountry "ITA"]
[WhiteElo "2319"]
[WhiteRD "92"]
[BlackElo "2632"]
[BlackRD "73"]
[GameID "231249"]

1. b4 e5 2. Bb2 Bxb4 3. f4 Nh6 4. fxe5 Ng4 5. c3 Be7 6. e3 Nxe5 7. d4 Ng6 8. Nf3 O-O 9. Bd3 c5 10. d5 Bh4+
11. g3 Bg5 12. O-O Bxe3+ 13. Kg2 d6 14. Na3 Bh6 15. Qc2 Re8 16. h3 Na6 17. Rae1 Rxe1 18. Rxe1 Nc7 19. c4 Qd7 20. g4 Nf4+
21. Kg3 Nxd3 22. Qxd3 a6 23. Qe2 f5 24. Qe7 fxg4 25. Qxd7 Bxd7 26. hxg4 g6 27. Re7 Rd8 28. Bf6 Ne8 29. Bh4 b5 30. Ng5 Bf8
31. Rxh7 b4 32. Nb1 Nf6 33. Rf7 Bg7 34. Ne6 Kxf7 35. Nxd8+ Kf8 36. Nc6 Ke8 37. Nd2 Nxg4 38. Ne4 Bf8 39. Kf4 Bf5 40. Bg3 a5
41. Nxa5 Ne5 42. Ke3 Bh6+ 43. Bf4 Bxf4+ 44. Kxf4 Bxe4 45. Kxe4 g5 46. Kf5 g4 47. Kf4 Kd7
0-1

[Event "Winter 2009 Masters Championship"]
[Site "SchemingMind.com"]
[Date "2009.12.15"]
[Round "-"]
[White "pcmvr"]
[Black "nimzoking"]
[Result "1-0"]
[WhiteCountry "NED"]
[BlackCountry "ENG"]
[WhiteElo "2302"]
[WhiteRD "95"]
[BlackElo "2159"]
[BlackRD "89"]
[GameID "231250"]

1. b4 g6 2. Bb2 Nf6 3. Nf3 Bg7 4. c4 O-O 5. e3 d6 6. Be2 e5 7. d3 a5 8. a3 Bd7 9. b5 b6 10. d4 exd4
11. exd4 d5 12. O-O Be6 13. Ng5 Bf5 14. Nc3 c6 15. Re1 dxc4 16. Bxc4 Nd5 17. bxc6 Nxc3 18. Nxf7 Rxf7 19. Qb3 Ra7 20. Qxc3 b5
21. Bxf7+ Kxf7 22. Qb3+
1-0